000 00367nam a2200133Ia 4500
005 20260326100034.0
008 260326s9999||||xx |||||||||||||| ||und||
100 _aRomán, Antonio
245 0 _aEero Saarinen :
_b An Architecture of multipliCity /
_cAntonio Román
260 _bPrinceton Architectural Press
300 _a225 p.
650 _aARQUITECTOS
942 _cBK
999 _c6726
_d6726